000 00284nam a2200121Ia 4500
008 220204s9999 xx 000 0 und d
082 _a577.27+577.216.3
_bCOH
100 _aCohen, E P
245 0 _aImmune RNA
260 _aOhio
_bCRC Press
_c1976
650 _aRNA immune
942 _cBK
999 _c31409
_d31409